00549nam a2200193 a 4500008004100000020001500041050001700056100002000073245004500093246006100138260002800199300002400227350000900251500001800260650001200278650003100290650001400321700002000335120416s1999 ||||||||||||||||| || u a0415162734 aGB 661.2 Eco aWilby, Robert L10aEco-hydrologycedited by Andrew J. Baird aplants and water in terrestrial and aquatic environments aLondonbRoutledgec1999 axviii, 402p. : ill. a0.00 aBibliography. aECOLOGY aPLANT--WATER RELATIONSHIPS aHYDROLOGY aBaird, Andrew J